000 00530nam a2200169Ia 4500
003 GCL
008 140319s9999 xx 000 0 ara d
040 _aGCL /
_cGCL
082 0 4 _a813.083
_bغ ن
100 1 _aغازى العبادى
245 1 0 _aنجمة فى التراب: رواية (هدية من الاديب عبدالفتاح الجمل) /
_cغازى العبادى
490 _a
650 0 4 _aالادب العربى
650 0 4 _aالقصة العربية
650 0 4 _aالقصة القصيرة
942 _2ddc
_cBK
999 _c38495
_d38495